00633nam a2200157 a 4500008004100000050001200041110005500053245013200108260003600240300002100276350000900297500010400306650002600410650002700436650001200463070925s2006 ||||||||||||||||| || u aUNO(02) aUnited Nations Economic and Social Affairs (UNESA)10aRepertory of practice of United Nations organs: supplement No. 6; vol. II Articles 9 to 22 of the Charter...cby United Nations aNew York:bUNITED NATIONSc2006 aviii, 347p.:ill. a0.00 aVolume II, articles 9 to 22 of the Charter: covering the period 1 January 1979 to 31 December 1984. aREPERTORY OF PRACTICE aUNITED NATIONS REPORTS aREPORTS